000
00341nam a2200145Ia 4500
008
240624s9999 xx 000 0 und d
041
_a
eng
082
_a
338.9 BAR
100
_a
BARRO ROBERT J
245
_a
ECONOMIC GROWTH
250
_a
(2nd ed.)
260
_c
2004
_a
New Delhi
_b
Prentice-Hall of India
300
_a
xvi, : 654
365
_c
RS
999
_c
406
_d
406